| 000 | 00569nam a2200193Ia 4500 | ||
|---|---|---|---|
| 005 | 20250326143510.0 | ||
| 008 | 250326s9999 xx 000 0 und d | ||
| 020 | _a81-203-1659-2 | ||
| 037 | _aTextbook | ||
| 040 |
_aFMSL _beng _cFMSL |
||
| 041 |
_aeng _2eng |
||
| 084 |
_aD658(2:55) P0 _qFMSL |
||
| 100 |
_aChase Nicholas _9748101 |
||
| 245 | 0 |
_aActive server page 3.0 from scratch _cChase Nicholas |
|
| 260 |
_aNew Delhi _bNew Delhi, Prentice Hall of India _c2000 |
||
| 300 | _avii,392 | ||
| 942 |
_cTB _hD658(2:55) P0 |
||
| 999 |
_c1299826 _d1299826 |
||